| 000 | 00000nas 2200000zi 4500 |
| 001 | 9.500794 |
| 003 | CaOODSP |
| 005 | 20250611103449 |
| 007 | cr ||||||||||| |
| 008 | 150406d19972000oncar pso||||f0 b0fre|d |
| 022 | |a1495-544X |
| 040 | |aCaOODSP|bfre |
| 043 | |an-cn--- |
| 086 | 1 |aA22-182F-PDF |
| 130 | 0 |aPortrait du circuit agroalimentaire canadien (En ligne) |
| 210 | 0 |aPortrait circuit agroaliment. can. |b(En ligne) |
| 222 | 0|aPortrait du circuit agroalimentaire canadien |b(En ligne) |
| 245 | 00|aPortrait du circuit agroalimentaire canadien. |
| 264 | 1|a[Ottawa] : |bAgriculture et Agroalimentaire Canada, |c[1998?] - [2000?] |
| 310 | |aAnnuel (rév. irrégulièrement). |
| 362 | 1 |aParaît depuis 1998?; ne paraît plus après 2000? |
| 500 | |aPubl. aussi en anglais sous le titre : Portrait of the Canadian agri-food system. |
| 691 | 07|aIndicateurs économiques|2gcpds |
| 691 | 07|aIndustrie agro-alimentaire|2gcpds |
| 691 | 07|aStatistiques économiques|2gcpds |
| 710 | 1 |aCanada. |bAgriculture et agroalimentaire Canada, |eorganisme de publication. |
| 775 | 08|tA portrait of the Canadian agri-food system.|w(CaOODSP)9.504358 |
| 776 | 0#|tPortrait du circuit agroalimentaire canadien |w(CaOODSP)9.512589 |